[Event "Junior Online 4NCL Division 3"]
[Site "online"]
[Date "2022.03.03"]
[EventDate "2022.03.03"]
[Round "4.55"]
[White "Moiseev, Mikhail"]
[WhiteElo "1125"]
[WhiteTeam "Chess Challengers E"]
[Black "Quin, Wilder"]
[BlackElo "1227"]
[BlackTeam "Wanstead Warriors C"]
[Result "1-0"]
[PlyCount "0"]

1. e4 e6 2. d4 d5 3. exd5 exd5 4. Bd3 Nf6 5. Ne2 Nc6 6. O-O Bg4 7. f3 Be6 8. Bg5 Be7 9. Nbc3 O-O 10. f4 h6 11. Bh4 Nd7 12. Bxe7 Qxe7 13. f5 Nf6 14. fxe6 Qxe6 15. Bf5 Qe3+ 16. Kh1 Rfe8 17. Rf3 Qe7 18. Rg3 g6 19. Bxg6 fxg6 20. Rxg6+ Kh7 21. Qd3 Kh8 22. Rxh6+ Nh7 23. Nf4 Qg7 24. Rg6 Qf7 25. Nh5 Rg8 26. Rxg8+ Rxg8 27. Ng3 Qg7 28. Rf1 Nb4 29. Qb5 Rf8 30. Nf5 Qg6 31. Qxb4 Rg8 32. g3 Rf8 33. Ne3 Rxf1+ 34. Nxf1 Qxc2 35. Nxd5 Qe4+ 36. Kg1 Qxd5 37. b3 Qe4 { Black offers draw } 38. Qa4 a6 39. Qc4 Qc6 40. Qxc6 bxc6 41. Kf2 Kg7 42. Ke3 Kf6 43. Ke4 Ke6 44. Ne3 Nf6+ 45. Kd3 Kd6 46. h4 c5 47. dxc5+ Kxc5 48. a3 Kd6 49. g4 Ke5 50. g5 Ne8 51. Kc4 Kf4 52. Nd5+ Kg4 53. g6 Kxh4 54. Kc5 Kg5 55. Kc6 Kxg6 56. Nxc7 Nf6 57. Nxa6 Kf7 58. b4 Ke8 59. b5 Kd8 60. b6 Nd7 61. b7 Ke8 62. b8=Q+ Nxb8+ 63. Nxb8 Kd8 64. Kb7 Ke7 65. a4 Kd8 66. a5 Ke8 67. a6 Kd8 68. a7 Ke7 69. Nc6+ Kd6 70. a8=Q Kc5 71. Qa5+ Kd6 72. Qe5+ Kd7 73. Qe7# 1-0

[Event "Junior Online 4NCL Division 3"]
[Site "online"]
[Date "2022.03.03"]
[EventDate "2022.03.03"]
[Round "4.56"]
[White "Chu, Ray"]
[WhiteElo "1050"]
[WhiteTeam "Wanstead Warriors C"]
[Black "Tewari, Vivaan"]
[BlackElo "1080"]
[BlackTeam "Chess Challengers E"]
[Result "0-1"]
[PlyCount "140"]

1. d4 Nf6 2. Bf4 d6 3. Nf3 Nc6 4. e3 g6 5. Bd3 Bg7 6. h3 Be6 7. O-O h6 8. c4 d5 9. c5 O-O 10. Qb3 Ne4 11. Qxb7 Na5 12. Qb4 Nc6 13. Qb3 Rb8 14. Qc2 Nb4 15. Qe2 Qd7 16. Nc3 Nxc3 17. bxc3 Nc6 18. Rab1 Bxh3 19. gxh3 Qxh3 20. Nh2 g5 21. Bxc7 Rxb1 22. Rxb1 Rc8 23. Bg3 h5 24. Bb5 h4 25. Bxc6 hxg3 26. fxg3 Qxg3+ 27. Qg2 Qxe3+ 28. Kf1 Qd3+ 29. Qe2 Qxb1+ 30. Kf2 Qe4 31. Qxe4 dxe4 32. Bxe4 Rb8 33. Ke3 Rb2 34. Ng4 Rxa2 35. c6 Rc2 36. Kd3 Rb2 37. c7 Bf8 38. c8=Q Rb6 39. c4 a5 40. Bc6 Rb3+ 41. Ke4 Rc3 42. Ba4 Ra3 43. Qc6 e6 44. Qb5 f5+ 45. Ke5 fxg4 46. Qd5 exd5 47. cxd5 Rxa4 48. d6 Bxd6+ 49. Kxd6 Rxd4+ 50. Ke5 g3 51. Kxd4 g2 52. Ke3 g1=Q+ 53. Kf3 g4+ 54. Ke2 g3 55. Kf3 Qh2 56. Ke3 g2 57. Kf2 g1=Q+ 58. Kf3 Qgg3+ 59. Ke4 Qhh4+ 60. Kd5 Qgg5+ 61. Ke6 Qhh6+ 62. Kd7 Qgg7+ 63. Ke8 Qf8+ 64. Kd7 Qhg7+ 65. Ke6 Qff6+ 66. Kd5 Qgg5+ 67. Ke4 Qff4+ 68. Kd3 Qgg3+ 69. Ke2 Qff2+ 70. Kd1 Qgg1# 0-1

[Event "Junior Online 4NCL Division 3"]
[Site "online"]
[Date "2022.03.03"]
[EventDate "2022.03.03"]
[Round "4.57"]
[White "Chavan, Aarav"]
[WhiteElo "978"]
[WhiteTeam "Chess Challengers E"]
[Black "Williams, Frank"]
[BlackElo "1017"]
[BlackTeam "Wanstead Warriors C"]
[Result "0-1"]
[PlyCount "116"]

1. e4 e5 2. Nf3 Nf6 3. Bc4 Nxe4 4. Qe2 d5 5. Nxe5 Qe7 6. Bxd5 Qxe5 7. Qxe4 Qxe4+ 8. Bxe4 Bc5 9. Nc3 O-O 10. d3 Re8 11. Bf4 f5 12. Bxc7 fxe4 13. Nxe4 Bd4 14. c3 Bf6 15. Bxb8 Rxb8 16. O-O b6 17. Rfe1 Be5 18. Nd6 Re6 19. Nxc8 Rxc8 20. d4 Rce8 21. dxe5 Rxe5 22. Rxe5 Rxe5 23. h3 Re2 24. b4 Rc2 25. a3 Rxc3 26. g4 Rxh3 27. Rd1 Rxa3 28. Rd8+ Kf7 29. Rd7+ Kg6 30. Kg2 a5 31. Rd6+ Kg5 32. Rxb6 Kxg4 33. bxa5 Rxa5 34. Rb7 Rg5 35. f3+ Kf4+ 36. Kf2 h5 37. Rb1 h4 38. Rh1 Rh5 39. Rh3 g5 40. Kg2 Rh6 41. Rh2 Rc6 42. Rh3 Rc2+ 43. Kf1 Rc1+ 44. Kf2 Rc2+ 45. Kf1 Rc3 46. Kg2 Rc6 47. Kf2 Rh6 48. Kg2 Re6 49. Kf2 Rh6 50. Kg2 g4 51. fxg4 Kxg4 52. Kh2 Rd6 53. Ra3 Rd2+ 54. Kh1 Rd4 55. Kg2 Re4 56. Rh3 Re2+ 57. Kg1 Kxh3 58. Kh1 Re1# 0-1

[Event "Junior Online 4NCL Division 3"]
[Site "online"]
[Date "2022.03.03"]
[EventDate "2022.03.03"]
[Round "4.58"]
[White "Lynch, Zachary"]
[WhiteElo "629"]
[WhiteTeam "Wanstead Warriors C"]
[Black "Kulkarni, Shreya"]
[BlackElo "1000"]
[BlackTeam "Chess Challengers E"]
[Result "0-1"]
[PlyCount "68"]

1. Nf3 d5 2. Nc3 Nc6 3. e3 e5 4. d4 e4 5. Nd2 Nf6 6. f3 Be7 7. Bb5 Bd7 8. O-O a6 9. Be2 O-O 10. fxe4 Nxe4 11. Ndxe4 dxe4 12. Nxe4 Bd6 13. Rf3 Qh4 14. Ng3 Bg4 15. Rf4 Bxf4 16. exf4 Bxe2 17. Qxe2 Nxd4 18. Qf2 Rad8 19. b3 Qf6 20. Bb2 Nf3+ 21. gxf3 Qxb2 22. Qf1 Qd4+ 23. Kg2 Qxf4 24. Re1 Qh4 25. Nf5 Rd2+ 26. Re2 Rxe2+ 27. Qxe2 Qg5+ 28. Ng3 h6 29. Kf2 Rd8 30. Ne4 Qh4+ 31. Ng3 Qxh2+ 32. Kf1 Qxg3 33. Qe7 Rd1+ 34. Ke2 Qe1# 0-1

[Event "Junior Online 4NCL Division 3"]
[Site "online"]
[Date "2022.03.03"]
[EventDate "2022.03.03"]
[Round "4.71"]
[White "Jowell, Leo"]
[WhiteElo "1225"]
[WhiteTeam "Edgware Gambits D"]
[Black "van Steenis, Ned"]
[BlackElo "1300"]
[BlackTeam "The Hall 2"]
[Result "0-1"]
[PlyCount "76"]

1. d4 d5 2. c4 e6 3. Nc3 Nf6 4. Bf4 Bb4 5. Nf3 c5 6. Qb3 Nc6 7. cxd5 Nxd5 8. Bd2 Nxd4 9. Nxd4 cxd4 10. Nxd5 Bxd2+ 11. Kxd2 Qxd5 12. Rc1 Qxb3 13. axb3 O-O 14. e3 Rd8 15. exd4 Rxd4+ 16. Bd3 e5 17. f3 Bf5 18. Rc3 Rad8 19. Ke2 Bxd3+ 20. Rxd3 Rxd3 21. Rc1 Rxb3 22. Kf2 Rxb2+ 23. Kg3 f5 24. Kh4 Rxg2 25. Kh5 g6+ 26. Kh6 Rxh2+ 27. Kg5 Rh5+ 28. Kf6 Rh3 29. Rc7 Rxf3 30. Kxe5 Re3+ 31. Kf6 Rf8+ 32. Kg5 f4 33. Kh6 Rh3+ 34. Kg5 f3 35. Kg4 Rh1 36. Kg3 f2 37. Kg4 f1=Q 38. Rxh7 Qf4# 0-1

[Event "Junior Online 4NCL Division 3"]
[Site "online"]
[Date "2022.03.03"]
[EventDate "2022.03.03"]
[Round "4.72"]
[White "Dean, Eskander"]
[WhiteElo "1316"]
[WhiteTeam "The Hall 2"]
[Black "Patel, Rohan"]
[BlackElo "1178"]
[BlackTeam "Edgware Gambits D"]
[Result "0-1"]
[PlyCount "142"]

1. e4 e5 2. Nf3 Nc6 3. Bc4 Bc5 4. Nc3 Nf6 5. d3 O-O 6. Bg5 h6 7. Bh4 Be7 8. Bxf6 Bxf6 9. Nd5 Be7 10. d4 exd4 11. Nxd4 Re8 12. Nxc6 dxc6 13. Nc3 Bb4 14. a3 Qxd1+ 15. Rxd1 Bxc3+ 16. bxc3 Rxe4+ 17. Be2 Be6 18. f3 Re3 19. Rd3 Re5 20. Rd2 Bc4 21. Kf2 Bxe2 22. Rxe2 Rae8 23. Rhe1 Rxe2+ 24. Rxe2 Rxe2+ 25. Kxe2 Kf8 26. Ke3 Ke7 27. Ke4 Ke6 28. f4 f5+ 29. Kd4 Kd6 30. c4 c5+ 31. Kd3 a6 32. c3 b5 33. cxb5 axb5 34. c4 b4 35. a4 Kc6 36. Kc2 Kb6 37. Kb3 Ka5 38. h3 g6 39. g4 h5 40. gxh5 gxh5 41. h4 c6 42. Kc2 Kxa4 43. Kb2 b3 44. Kb1 Kb4 45. Kb2 Kxc4 46. Kc1 Kb4 47. Kb2 c4 48. Kc1 c3 49. Kb1 Ka3 50. Kc1 b2+ 51. Kb1 c2+ 52. Kxc2 Ka2 53. Kc3 b1=Q 54. Kc4 Qe4+ 55. Kc5 Qxf4 56. Kxc6 Qxh4 57. Kd5 Qe4+ 58. Kc5 f4 59. Kb5 f3 60. Kc5 f2 61. Kd6 f1=Q 62. Kc5 Qc1+ 63. Kd6 Qd4+ 64. Ke6 Qce3+ 65. Kf5 Qdf4+ 66. Kg6 Qeg3+ 67. Kh7 Qfh4 68. Kh6 Qgg5+ 69. Kh7 Qe4+ 70. Kh8 Qf6+ 71. Kg8 Qeg6# 0-1

[Event "Junior Online 4NCL Division 3"]
[Site "online"]
[Date "2022.03.03"]
[EventDate "2022.03.03"]
[Round "4.73"]
[White "Szajman, Adam"]
[WhiteElo "1117"]
[WhiteTeam "Edgware Gambits D"]
[Black "Agarwal, Mihir"]
[BlackElo "1301"]
[BlackTeam "The Hall 2"]
[Result "0-1"]
[PlyCount "122"]

1. d4 d5 2. c4 e6 3. Nc3 Nf6 4. Bg5 Nc6 5. Nf3 Bb4 6. cxd5 exd5 7. a3 Bxc3+ 8. bxc3 O-O 9. g3 h6 10. Bf4 Be6 11. Ne5 Nd7 12. Nxc6 bxc6 13. Qd3 Nf6 14. f3 Qd7 15. g4 Rfe8 16. g5 hxg5 17. Bxg5 Nh7 18. Bf4 Bf5 19. Qd2 Rab8 20. h4 Rb7 21. Bh3 Bxh3 22. Qd1 Bf5 23. h5 Rb2 24. Rh2 Reb8 25. h6 g6 26. Rh4 Rb1 27. Rxb1 Rxb1 28. Bc1 Qc8 29. e4 dxe4 30. fxe4 Bxe4 31. Rxe4 Nf6 32. Rf4 Qe6+ 33. Kd2 Ne4+ 34. Ke1 Nxc3+ 35. Kd2 Nxd1 36. Kxd1 Rxc1+ 37. Kxc1 Qe3+ 38. Kc2 Qxf4 39. Kd3 Qf3+ 40. Kc4 Qxa3 41. h7+ Kxh7 42. d5 cxd5+ 43. Kxd5 f5 44. Ke5 Qf3 45. Kf6 Qf4 46. Ke6 Qd6+ 47. Kf7 Qe5 48. Kf8 Qf6+ 49. Ke8 Qe6+ 50. Kf8 Qc6 51. Kf7 f4 52. Ke7 Kg7 53. Kd8 Kf7 54. Kc8 Ke7 55. Kb8 Qb6+ 56. Ka8 Qc6+ 57. Kb8 f3 58. Kxa7 f2 59. Kb8 f1=Q 60. Kc8 Qfa6+ 61. Kb8 Qaa8# 0-1

[Event "Junior Online 4NCL Division 3"]
[Site "online"]
[Date "2022.03.03"]
[EventDate "2022.03.03"]
[Round "4.74"]
[White "Jhamna, Florian"]
[WhiteElo "1260"]
[WhiteTeam "The Hall 2"]
[Black "Wen, Liana"]
[BlackElo "1154"]
[BlackTeam "Edgware Gambits D"]
[Result "0-1"]
[PlyCount "86"]

1. e4 c5 2. Nc3 d6 3. Nf3 Nf6 4. Bb5+ Bd7 5. Bxd7+ Nbxd7 6. d3 g6 7. O-O Bg7 8. Bg5 O-O 9. Qd2 Ng4 10. Ne2 Bxb2 11. Rab1 Bg7 12. Rxb7 Bf6 13. Bxf6 Ndxf6 14. Ng3 e6 15. e5 dxe5 16. Nxe5 Nxe5 17. Re1 Neg4 18. Qf4 Qa5 19. Reb1 Qxa2 20. f3 Nd5 21. Qxg4 Qxc2 22. f4 Ne3 23. Qf3 Qxd3 24. Rd1 Qxd1+ 25. Qxd1 Nxd1 26. f5 exf5 27. Rb5 c4 28. Rc5 c3 29. Kf1 Rae8 30. h4 Re3 31. Ne2 Rfe8 32. g4 Rxe2 33. Rc8 Re1+ 34. Kg2 Rxc8 35. g5 c2 36. h5 gxh5 37. g6 fxg6 38. Kh2 c1=Q 39. Kh3 Qc4 40. Kg3 Re3+ 41. Kg2 Qc2+ 42. Kf1 Nc3 43. Kg1 Re1# 0-1

[Event "Junior Online 4NCL Division 3"]
[Site "online"]
[Date "2022.03.03"]
[EventDate "2022.03.03"]
[Round "4.75"]
[White "van Steenis, Ned"]
[WhiteElo "1300"]
[WhiteTeam "The Hall 2"]
[Black "Jowell, Leo"]
[BlackElo "1225"]
[BlackTeam "Edgware Gambits D"]
[Result "1-0"]
[PlyCount "91"]

1. d4 Nf6 2. c4 g6 3. Nc3 Bg7 4. e4 d6 5. Nf3 O-O 6. Be2 Nbd7 7. O-O e5 8. d5 Ne8 9. Ne1 f5 10. f3 f4 11. b4 g5 12. h3 Nef6 13. Ba3 Rf7 14. c5 Bf8 15. Nd3 Rg7 16. Rf2 h5 17. Na4 g4 18. hxg4 hxg4 19. fxg4 Nxe4 20. Rf1 Ndf6 21. Nf2 Bxg4 22. Nxg4 Nxg4 23. Bxg4 Qh4 24. Be6+ Kh8 25. Qc2 f3 26. Rxf3 Rh7 27. Rh3 Qf4 28. Rxh7+ Kxh7 29. Nc3 Qe3+ 30. Kh1 Qh6+ 31. Bh3 Kh8 32. Qxe4 Bg7 33. cxd6 cxd6 34. Bc1 Rf8 35. Bxh6 Bxh6 36. Qh4 Kh7 37. Ne4 Rf4 38. Qe7+ Bg7 39. Ng5+ Kh6 40. Ne6 Bf6 41. Qf8+ Kg6 42. Nxf4+ Kg5 43. Ne6+ Kg6 44. Rf1 e4 45. Rxf6+ Kh7 46. Qg7# 1-0

[Event "Junior Online 4NCL Division 3"]
[Site "online"]
[Date "2022.03.03"]
[EventDate "2022.03.03"]
[Round "4.76"]
[White "Patel, Rohan"]
[WhiteElo "1178"]
[WhiteTeam "Edgware Gambits D"]
[Black "Dean, Eskander"]
[BlackElo "1316"]
[BlackTeam "The Hall 2"]
[Result "0-1"]
[PlyCount "63"]

1. e4 e5 2. Nf3 Nc6 3. Bc4 Bc5 4. Nc3 d6 5. d3 h6 6. Be3 Bb6 7. Na4 Nf6 8. Nxb6 axb6 9. Qd2 Bg4 10. O-O-O O-O 11. Kb1 Be6 12. Bb3 Bxb3 13. cxb3 Qd7 14. Qc3 d5 15. exd5 Qxd5 16. Qc4 Rad8 17. Rhg1 Qxc4 18. bxc4 e4 19. dxe4 Nxe4 20. Nd4 Nxd4 21. Rxd4 Rxd4 22. Bxd4 c5 23. Be3 Rd8 24. Re1 Nd2+ 25. Bxd2 Rxd2 26. Rf1 Kh7 27. Kc1 Re2 28. a3 Kg6 29. b3 Kf5 30. h3 Ra2 31. a4 Ra1+ 32. Kd2 0-1

[Event "Junior Online 4NCL Division 3"]
[Site "online"]
[Date "2022.03.03"]
[EventDate "2022.03.03"]
[Round "4.77"]
[White "Agarwal, Mihir"]
[WhiteElo "1301"]
[WhiteTeam "The Hall 2"]
[Black "Szajman, Adam"]
[BlackElo "1117"]
[BlackTeam "Edgware Gambits D"]
[Result "1-0"]
[PlyCount "49"]

1. d4 e6 2. e4 d5 3. e5 c5 4. c3 Nc6 5. Nf3 Qb6 6. Nbd2 Bd7 7. b3 cxd4 8. cxd4 Nxd4 9. Bb2 Nxf3+ 10. Qxf3 Bb4 11. Qd3 Bxd2+ 12. Qxd2 Nh6 13. Bd3 Qc7 14. O-O Ng4 15. Qg5 h5 16. Qxg7 Rf8 17. Ba3 O-O-O 18. Bxf8 Nxe5 19. Be2 Ng4 20. Be7 Re8 21. Qxf7 Rh8 22. Bxg4 hxg4 23. Bf6 Rh6 24. Qf8+ Qd8 25. Qxd8# 1-0

[Event "Junior Online 4NCL Division 3"]
[Site "online"]
[Date "2022.03.03"]
[EventDate "2022.03.03"]
[Round "4.78"]
[White "Wen, Liana"]
[WhiteElo "1154"]
[WhiteTeam "Edgware Gambits D"]
[Black "Jhamna, Florian"]
[BlackElo "1260"]
[BlackTeam "The Hall 2"]
[Result "1/2-1/2"]
[PlyCount "77"]

1. d4 e6 2. c4 d5 3. Nc3 Bb4 4. Bd2 Nf6 5. Nf3 O-O 6. Bg5 Nc6 7. e3 b6 8. Bd3 dxc4 9. Bxc4 Bb7 10. O-O h6 11. Bxf6 Qxf6 12. Bd3 Bd6 13. Qc2 Ne7 14. Nd2 Qh4 15. h3 Qg5 16. Nde4 Bxe4 17. Bxe4 Nf5 18. Bxf5 exf5 19. Nd5 f4 20. Qd2 Qxd5 21. exf4 Rae8 22. Rfe1 Qf5 23. d5 Bxf4 24. Qb4 Qxd5 25. Rxe8 Rxe8 26. Rf1 c5 27. Qxf4 Re2 28. Qb8+ Kh7 29. Qxa7 Rxb2 30. Re1 Qd4 31. Rf1 c4 32. Qxf7 c3 33. Qf5+ Kh8 34. Qf8+ Kh7 35. Qf5+ Kh8 36. Qf8+ Kh7 37. Qf5+ Kg8 38. Qc8+ Kh7 39. Qf5+ 1/2-1/2

[Event "Junior Online 4NCL Division 3"]
[Site "online"]
[Date "2022.03.03"]
[EventDate "2022.03.03"]
[Round "4.82"]
[White "Karadkar, Aryan"]
[WhiteElo "1380"]
[WhiteTeam "Chess Challengers B"]
[Black "Navle, Aditi"]
[BlackElo "1271"]
[BlackTeam "Uxbridge C"]
[Result "1-0"]
[PlyCount "93"]

1. e4 e5 2. Nc3 Nf6 3. f4 exf4 4. Nf3 Bb4 5. d4 Bxc3+ 6. bxc3 Nxe4 7. Qe2 d5 8. Ba3 Bg4 9. O-O-O Bxf3 10. gxf3 Nc6 11. fxe4 dxe4 12. Qxe4+ Ne7 13. Bh3 b6 14. Rhe1 O-O 15. Bxe7 Qe8 16. Bxf8 Qxe4 17. Rxe4 Rxf8 18. Rde1 h5 19. Re8 f6 20. Rxf8+ Kxf8 21. Rf1 g5 22. Rxf4 gxf4 23. Kd2 Kg7 24. Ke2 Kg6 25. Kf3 Kg5 26. d5 f5 27. c4 a5 28. Bg2 h4 29. h3 Kf6 30. Kxf4 Ke7 31. Kxf5 Kd6 32. Kg5 Kc5 33. Kxh4 Kxc4 34. Kg5 Kc5 35. h4 c6 36. dxc6 Kd6 37. h5 Ke7 38. h6 Kf7 39. Bh3 Ke7 40. c7 Kd6 41. c8=Q Kd5 42. h7 Kd4 43. h8=Q+ Ke3 44. Qce8+ Kd2 45. Qd4+ Kxc2 46. Qe2+ Kb1 47. Qdb2# 1-0

[Event "Junior Online 4NCL Division 3"]
[Site "online"]
[Date "2022.03.03"]
[EventDate "2022.03.03"]
[Round "4.83"]
[White "Navle, Yash Kumar"]
[WhiteElo "1237"]
[WhiteTeam "Uxbridge C"]
[Black "Pyla, Akhil"]
[BlackElo "1336"]
[BlackTeam "Chess Challengers B"]
[Result "1-0"]
[PlyCount "105"]

1. e4 Nc6 2. d4 d5 3. exd5 Qxd5 4. Nf3 Bg4 5. Be2 O-O-O 6. Nc3 Qd6 7. d5 Bxf3 8. Bxf3 Qe5+ 9. Be3 Nf6 10. O-O e6 11. Re1 Bd6 12. dxc6 Qxh2+ 13. Kf1 bxc6 14. Bxc6 Qh1+ 15. Ke2 Qh5+ 16. Bf3 Qe5 17. Qd4 Qxd4 18. Bxd4 a5 19. Rad1 Rhe8 20. Nb5 Be7 21. Na7+ Kb8 22. Nc6+ Kc8 23. Nxd8 Bxd8 24. Bxf6 Bxf6 25. c3 e5 26. Bg4+ Kb7 27. Rd5 Kb6 28. Red1 e4 29. Bd7 Re7 30. Rb5+ Ka7 31. Rxa5+ Kb7 32. Rdd5 c6 33. Rd1 Kb6 34. Ra4 Kb5 35. Rb4+ Kc5 36. Ke3 Bg5+ 37. f4 Bh6 38. Rxe4 Rxe4+ 39. Kxe4 Kb6 40. Rd6 f6 41. Rxc6+ Kb7 42. a4 Kb8 43. a5 g5 44. fxg5 Bxg5 45. b4 h5 46. b5 h4 47. b6 f5+ 48. Kxf5 h3 49. gxh3 Bd8 50. h4 Kb7 51. h5 Be7 52. h6 Bf8 53. h7 Bg7 54. Rc7+ Kb8 55. a6 Be5 56. h8=Q+ Bxh8 57. a7+ Ka8 58. Bc6# 1-0

[Event "Junior Online 4NCL Division 3"]
[Site "online"]
[Date "2022.03.03"]
[EventDate "2022.03.03"]
[Round "4.85"]
[White "Botiz, Thomas"]
[WhiteElo "1300"]
[WhiteTeam "Chess Challengers B"]
[Black "Patange, Ansh"]
[BlackElo "1274"]
[BlackTeam "Uxbridge C"]
[Result "0-1"]
[PlyCount "127"]

1. d4 d5 2. Bf4 Nf6 3. Nf3  Nc6 4. e3 Bg4 5. Nbd2 e6 6. c3 Bd6 7. Bg3 O-O 8. Bd3 Qe7 9. h3 Bh5 10. Bh2 Bxh2 11. Rxh2 Rad8 12. g4 Bg6 13. Qc2 Bxd3 14. Qxd3 e5 15. O-O-O e4 16. Qe2 exf3 17. Nxf3 Rfe8 18. Rg1 Rd6 19. g5 Nd7 20. h4 h6 21. h5 a5 22. a4 Nb6 23. b3 Nd8 24. Nh4 Rc6 25. Kb2 Nxa4+ 26. bxa4 Rb6+ 27. Kc2 Qe4+ 28. Qd3 Rb2+ 29. Kxb2 Qxd3 30. gxh6 Qd2+ 31. Kb3 Re6 32. Rxg7+ Kh8 33. Ng6+ fxg6 34. Rxg6 Qd1+ 35. Kb2 Qe2+ 36. Kb3 Qc4+ 37. Kb2 Rxg6 38. hxg6 Qe2+ 39. Kb3 Qg4 40. g7+ Kh7 41. c4 dxc4+ 42. Kxc4 Qe6+ 43. Kd3 Qb3+ 44. Ke4 Qxa4 45. Rh3 Qc6+ 46. Kd3 Qg6+ 47. Kd2 Qg2 48. Rg3 Qxf2+ 49. Kd3 Qxg3 50. g8=Q+ Qxg8 51. d5 Kxh6 52. d6 Qg6+ 53. Kc4 Qxd6 54. e4 Qe6+ 55. Kd3 Nc6 56. e5 Qxe5 57. Kc2 Qd4 58. Kb3 Qc5 59. Kb2 Qc4 60. Kb1 Qc3 61. Ka2 Qb4 62. Ka1 Ne5 63. Ka2 Nd3 64. Ka1 Qb2# 0-1

[Event "Junior Online 4NCL Division 3"]
[Site "online"]
[Date "2022.03.03"]
[EventDate "2022.03.03"]
[Round "4.86"]
[White "Navle, Aditi"]
[WhiteElo "1271"]
[WhiteTeam "Uxbridge C"]
[Black "Karadkar, Aryan"]
[BlackElo "1380"]
[BlackTeam "Chess Challengers B"]
[Result "0-1"]
[PlyCount "54"]

1. e4 d5 2. exd5 Qxd5 3. Nc3 Qd8 4. d4 Nf6 5. Nf3 e6 6. Bc4 Bb4 7. Bd2 Nc6 8. O-O Bd6 9. Re1 O-O 10. Bg5 h6 11. Bxf6 Qxf6 12. Ne4 Qf4 13. Nxd6 cxd6 14. d5 exd5 15. Bxd5 Qf5 16. Nd4 Qxd5 17. Nxc6 Qxc6 18. Qe2 b6 19. Rad1 Bb7 20. f3 Rae8 21. Qd2 Qc5+ 22. Kf1 Ba6+ 23. c4 Bxc4+ 24. Re2 Bxe2+ 25. Ke1 Bxf3+ 26. Kf1 Be2+ 27. Ke1 Qg1# 0-1

[Event "Junior Online 4NCL Division 3"]
[Site "online"]
[Date "2022.03.03"]
[EventDate "2022.03.03"]
[Round "4.87"]
[White "Pyla, Akhil"]
[WhiteElo "1336"]
[WhiteTeam "Chess Challengers B"]
[Black "Navle, Yash Kumar"]
[BlackElo "1237"]
[BlackTeam "Uxbridge C"]
[Result "1-0"]
[PlyCount "51"]

1. e4 e5 2. Nc3 Nc6 3. Nf3 Nf6 4. Bc4 Nxe4 5. Nxe4 d5 6. Bxd5 Qxd5 7. Nc3 Qa5 8. d3 Bg4 9. O-O Nd4 10. Re1 Nxf3+ 11. gxf3 Bh3 12. f4 Bd6 13. fxe5 Bxe5 14. Bf4 f6 15. Qh5+ Kf8 16. Bxe5 fxe5 17. Qxh3 Re8 18. Qf5+ Kg8 19. d4 g6 20. Qf6 Rf8 21. Qe6+ Kg7 22. Rxe5 Qb6 23. Qd7+ Kh6 24. Qh3+ Kg7 25. Re7+ Kf6 26. Nd5+ 1-0

[Event "Junior Online 4NCL Division 3"]
[Site "online"]
[Date "2022.03.03"]
[EventDate "2022.03.03"]
[Round "4.91"]
[White "Patel, Kamran"]
[WhiteElo "957"]
[WhiteTeam "Edgware Gambits F"]
[Black "Innani, Nipun"]
[BlackElo "995"]
[BlackTeam "KEGS C"]
[Result "0-1"]
[PlyCount "76"]

1. d4 e5 2. Nf3 e4 3. Ne5 d5 4. Bf4 f6 5. Nf3 exf3 6. exf3 c5 7. Qe2+ Qe7 8. Qxe7+ Bxe7 9. dxc5 Bxc5 10. Bb5+ Nc6 11. O-O Bf5 12. c3 Ne7 13. Nd2 O-O-O 14. Nb3 Bd6 15. Bxd6 Rxd6 16. Rae1 a6 17. Ba4 Bd3 18. Bxc6 Nxc6 19. Nc5 Bxf1 20. Rxf1 Re8 21. Nd3 Ne5 22. Nf4 g5 23. Nh5 Rg8 24. Ng3 Rb6 25. b4 Rg7 26. Nf5 Rc7 27. Rc1 Rbc6 28. Nd4 Rxc3 29. Rxc3 Rxc3 30. g3 Rc4 31. Nf5 Rxb4 32. Kg2 Nd3 33. Nd6+ Kb8 34. Nf5 Rb2 35. Kh3 h5 36. Ng7 Nxf2+ 37. Kg2 Ng4+ 38. Kh3 Rxh2# 0-1

[Event "Junior Online 4NCL Division 3"]
[Site "online"]
[Date "2022.03.03"]
[EventDate "2022.03.03"]
[Round "4.92"]
[White "Jinturkar, Paras"]
[WhiteElo "1000"]
[WhiteTeam "KEGS C"]
[Black "Illingworth-Law, Oscar"]
[BlackElo "961"]
[BlackTeam "Edgware Gambits F"]
[Result "1-0"]
[PlyCount "37"]

1. e4 e5 2. Nf3 Nc6 3. d4 exd4 4. Bc4 Bc5 5. Ng5 d5 6. Bxd5 Be6 7. Bxe6 fxe6 8. Nxe6 Qe7 9. Nxc5 Qxc5 10. O-O O-O-O 11. Bf4 Qb4 12. Qg4+ Rd7 13. Nd2 Qxb2 14. Rab1 Qxc2 15. Rxb7 Kxb7 16. Qxd7 Nf6 17. Rb1+ Ka6 18. Qf5 Rf8 19. Qb5# 1-0

[Event "Junior Online 4NCL Division 3"]
[Site "online"]
[Date "2022.03.03"]
[EventDate "2022.03.03"]
[Round "4.93"]
[White "Bagchi, Aadi"]
[WhiteElo "978"]
[WhiteTeam "Edgware Gambits F"]
[Black "Bennett, Ben"]
[BlackElo "1019"]
[BlackTeam "KEGS C"]
[Result "0-1"]
[PlyCount "37"]

1. e4 e5 2. Nf3 Nf6 3. Nxe5 Nc6 4. Nxc6 dxc6 5. d3 Bc5 6. Be3 Bxe3 7. fxe3 Bg4 8. Be2 Bxe2 9. Qxe2 Qe7 10. Nc3 O-O-O 11. O-O-O Nd7 12. Qf3 Ne5 13. Qg3 Rd7 14. d4 Nc4 15. Qf3 Nxb2 16. Kxb2 Qb4+ 17. Kc1 Qxc3 18. Rd3 Qa1+ 19. Kd2 0-1

[Event "Junior Online 4NCL Division 3"]
[Site "online"]
[Date "2022.03.03"]
[EventDate "2022.03.03"]
[Round "4.95"]
[White "Innani, Nipun"]
[WhiteElo "995"]
[WhiteTeam "KEGS C"]
[Black "Patel, Kamran"]
[BlackElo "957"]
[BlackTeam "Edgware Gambits F"]
[Result "1-0"]
[PlyCount "39"]

1. e4 e5 2. Nf3 Nc6 3. c3 d6 4. d4 exd4 5. cxd4 f5 6. exf5 Bxf5 7. Bb5 a6 8. Ba4 Bg4 9. d5 Ne7 10. dxc6 Nxc6 11. Nc3 Qe7+ 12. Be3 O-O-O 13. O-O Ne5 14. Bg5 Qf7 15. Nxe5 Qd7 16. Bxd7+ Rxd7 17. Qxg4 h6 18. Qxd7+ Kb8 19. Be3 Ka8 20. Qc8# 1-0

[Event "Junior Online 4NCL Division 3"]
[Site "online"]
[Date "2022.03.03"]
[EventDate "2022.03.03"]
[Round "4.97"]
[White "Bennett, Ben"]
[WhiteElo "1019"]
[WhiteTeam "KEGS C"]
[Black "Bagchi, Aadi"]
[BlackElo "978"]
[BlackTeam "Edgware Gambits F"]
[Result "1-0"]
[PlyCount "23"]

1. e4 e5 2. Nf3 Nc6 3. Bc4 Nf6 4. Ng5 Bc5 5. Nxf7 Bxf2+ 6. Kf1 Qe7 7. Nxh8 d5 8. exd5 Nd4 9. d3 Bg4 10. Qd2 O-O-O 11. d6 Qxd6 12. Nf7 1-0

[Event "Junior Online 4NCL Division 3"]
[Site "online"]
[Date "2022.03.03"]
[EventDate "2022.03.03"]
[Round "4.101"]
[White "Stanley, Isaac"]
[WhiteElo "1240"]
[WhiteTeam "Staffordshire Oatcakes"]
[Black "Verma, Abhi"]
[BlackElo "620"]
[BlackTeam "East Kilbride Rooks"]
[Result "0-1"]
[PlyCount "86"]

1. d4 e5 2. dxe5 Nc6 3. Bf4 Qe7 4. Nf3 Qb4+ 5. c3 Qxf4 6. e3 Qf5 7. Bd3 Qe6 8. Ng5 Qe7 9. h4 Nxe5 10. Nd2 Nxd3+ 11. Kf1 Qf6 12. Qe2 Nxb2 13. Nde4 Qb6 14. Rb1 h6 15. Rxb2 Qa6 16. Qxa6 bxa6 17. Nf3 Be7 18. Ke2 Nf6 19. Rd1 Nxe4 20. Rc1 Ba3 21. Rcc2 Bxb2 22. Rxb2 O-O 23. Rb3 d6 24. g4 Be6 25. Rb7 Bxg4 26. Rxc7 Rac8 27. Rxa7 Nxc3+ 28. Kd3 Bxf3 29. Rxa6 Be4+ 30. Kd4 d5 31. Ra3 Rc4+ 32. Ke5 Re8+ 33. Kf4 Ne2+ 34. Kg4 Bg6+ 35. Kf3 Bh5+ 36. Kg2 Ree4 37. Rd3 Rg4+ 38. Kf1 Rxh4 39. f4 Rh2 40. Rd1 Ng3+ 41. Ke1 Rcc2 42. Rd2 Rcxd2 43. a4 Rd1# 0-1

[Event "Junior Online 4NCL Division 3"]
[Site "online"]
[Date "2022.03.03"]
[EventDate "2022.03.03"]
[Round "4.102"]
[White "Biswas, Snigdha"]
[WhiteElo "548"]
[WhiteTeam "East Kilbride Rooks"]
[Black "Sohi, Aarav"]
[BlackElo "1289"]
[BlackTeam "Staffordshire Oatcakes"]
[Result "0-1"]
[PlyCount "86"]

1. e4 c6 2. d4 d5 3. Nc3 dxe4 4. Nxe4 Bf5 5. Nc5 Qb6 6. Nf3 g6 7. Bd3 Bxd3 8. Qxd3 Bg7 9. Ng5 Nf6 10. Be3 O-O 11. Nge4 Nxe4 12. Nxe4 Qxb2 13. O-O Na6 14. a4 Rfd8 15. Rab1 Qa2 16. c3 c5 17. Nxc5 Nxc5 18. d5 Nxd3 19. Rxb7 Qxa4 20. Rxe7 Bxc3 21. Bg5 Rxd5 22. Be3 Qa3 23. Rc7 Nb4 24. Bc5 Qa4 25. Bxb4 Qxb4 26. h3 a5 27. Rc1 Rd3 28. Rc6 a4 29. Re6 fxe6 30. g3 a3 31. h4 a2 32. f4 Rxg3+ 33. Kf1 Qd4 34. Ke2 Rg2+ 35. Kf3 Rf2+ 36. Kg3 Qe3+ 37. Kg4 Qxc1 38. Kg3 a1=Q 39. Kxf2 Ra2+ 40. Kf3 Qf1+ 41. Kg4 h5+ 42. Kg5 Qg2+ 43. Kh6 Bg7# 0-1